000 00832nas a2200265 4500
001 BR9802482
003 BR-BrBNA
005 20231205100751.0
007 ta
008 230509b bl.|||p| |||| 00| 00por d
040 _aBR-BrBNA
_bpor
_cBiblioteca Nacional de Agricultura
041 _a(Pt)
072 _aF60
100 1 _aLima, G.P.P.
100 1 _aRossi, C.
100 1 _aHakvoort, D.M.R.
245 1 _aAtividade de peroxidases (EC 1.11.1.7)e teor de prolina no embriao e cotiledones de feijoeiro Phaseolus vulgaris L. em condicoes de salinidade
650 _aFeijao
650 _aPeroxidase
650 _aSalinidade
650 _aProlina
773 0 _tScientia Agricola (Brazil)
_xISSN 0103-9016
_g(Sep-Dec 1997), v. 54(3) p. 217-220
_wBR9802482
909 _a202311
_bLúcia
_c55
_dLúcia Elande
942 _2AGRIS
_n0
_cANA
999 _c157957
_d157957